000 00625nam a2200229Ia 4500
003 OSt
005 20220918192604.0
006 a|||||r|||| 00| 0
007 ta
008 220917b |||||||| |||| 00| 0 eng d
024 _a69,214
037 _cTextual
040 _aARTS
_cARTS
_beng
041 _2eng
_aeng
082 _aQ4v41:N5, K3
100 _aChen Kenneth K S
_965717
245 0 _aBuddhism in China
_b a historical survey
260 _aNew Jersey
_bPrinceton University Press
_c1963
650 _aRELIGION
942 _hQ4v41:N5, K3
_cTEXL
_2CC
999 _c195377
_d195377